00222nam a2200085Ia 4500008004100000100002300041245004000064260002300104260000900127170620s9999 xx 000 0 und d aRamaswami- Periyar 0aWords of Freedom- Ideas of a Nation bNew Delhi- Penguin c2010